Fenomenología del mundo social : introducción a la sociología compresiva (Record no. 27338)
[ view plain ]
| 000 -CABECERA | |
|---|---|
| campo de control de longitud fija | 00592cam a22002052a 4500 |
| 001 - NÚMERO DE CONTROL | |
| campo de control | 021630 |
| 003 - IDENTIFICADOR DEL NÚMERO DE CONTROL | |
| campo de control | AR-FADEU |
| 008 - DATOS DE LONGITUD FIJA--INFORMACIÓN GENERAL | |
| campo de control de longitud fija | 311216n1972####xxu####################dd |
| 092 ## - ASIGNACIÓN LOCAL DE SIGNATURA TOPOGRÁFICA DEWEY (OCLC) | |
| Número de clasificación | 303 |
| Número de documento/Ítem | S396 |
| Característica del encabezamiento | JLS |
| 100 ## - ENTRADA PRINCIPAL--NOMBRE DE PERSONA | |
| Nombre de persona | Schütz, Alfred |
| 245 ## - MENCIÓN DE TÍTULO | |
| Título | Fenomenología del mundo social : introducción a la sociología compresiva |
| 260 ## - PUBLICACIÓN, DISTRIBUCIÓN, ETC. (PIE DE IMPRENTA) | |
| Lugar de publicación, distribución, etc. | Buenos Aires |
| 260 ## - PUBLICACIÓN, DISTRIBUCIÓN, ETC. (PIE DE IMPRENTA) | |
| Nombre del editor, distribuidor, etc. | Paidós |
| 260 ## - PUBLICACIÓN, DISTRIBUCIÓN, ETC. (PIE DE IMPRENTA) | |
| Fecha de publicación, distribución, etc. | 1972 |
| 300 ## - DESCRIPCIÓN FÍSICA | |
| Extensión | 279 p |
| 440 ## - MENCIÓN DE SERIE/PUNTO DE ACCESO ADICIONAL--TÍTULO | |
| Título | Biblioteca de psicología social y sociología, mayor |
| Número de parte o sección de la obra | 56 |
| 500 ## - NOTA GENERAL | |
| Nota general | Incluye bibliografía |
| 650 ## - PUNTO DE ACCESO ADICIONAL DE MATERIA--TÉRMINO DE MATERIA | |
| Término de materia o nombre geográfico como elemento inicial | FENOMENOLOGIA; PSICOLOGIA SOCIAL/JLS/ |
| 942 ## - ELEMENTOS DE PUNTO DE ACCESO ADICIONAL (KOHA) | |
| Tipo de ítem Koha | JLS |
| Estado de retiro | Estado de pérdida | Estado dañado | No para préstamo | Código de colección | Localización permanente | Ubicación/localización actual | Ubicación en estantería | Fecha de adquisición | Número de inventario | Total de préstamos | Signatura topográfica completa | Código de barras | Fecha visto por última vez | Fecha del último préstamo | Precio válido a partir de | Tipo de ítem Koha |
|---|---|---|---|---|---|---|---|---|---|---|---|---|---|---|---|---|
| Julio La Sala | Biblioteca Ernesto Sabato - FADECS - UNCOMA | Biblioteca Ernesto Sabato - FADECS - UNCOMA | 22/02/2017 | 19059 | 3 | 303 S396 | 19059 | 28/10/2025 | 20/10/2025 | 22/02/2017 | JLS |